Pinturas cingalesas en templos y santuarios / (Record no. 39849)
[ view plain ]
| 000 -CABECERA | |
|---|---|
| campo de control de longitud fija | 00418nam a2200133 a 4500 |
| 001 - NÚMERO DE CONTROL | |
| campo de control | 000040359 |
| 005 - FECHA Y HORA DE LA ÚLTIMA TRANSACCIÓN | |
| campo de control | 20201002034100.0 |
| 008 - DATOS DE LONGITUD FIJA--INFORMACIÓN GENERAL | |
| campo de control de longitud fija | 130822s1964 ag 000 0 spa d |
| 040 ## - FUENTE DE LA CATALOGACIÓN | |
| Centro catalogador/agencia de origen | DO-SdBNP |
| Lengua de catalogación | spa |
| Centro/agencia transcriptor | BNPHU |
| 100 1# - ENTRADA PRINCIPAL--NOMBRE DE PERSONA | |
| Nombre de persona | Dhanapala, D. B. |
| 9 (RLIN) | 66659 |
| 245 10 - MENCIÓN DE TÍTULO | |
| Título | Pinturas cingalesas en templos y santuarios / |
| Mención de responsabilidad, etc. | D. B. Dhanapala. |
| 260 ## - PUBLICACIÓN, DISTRIBUCIÓN, ETC. | |
| Lugar de publicación, distribución, etc. | Buenos Aires : |
| Nombre del editor, distribuidor, etc. | Editorial Hermes, |
| Fecha de publicación, distribución, etc. | 1964. |
| 300 ## - DESCRIPCIÓN FÍSICA | |
| Extensión | 23 p. +24 láminas ; |
| Dimensiones | 19 cm. |
| Estado de retiro | Estado de pérdida | Restricciones de uso | No para préstamo | Código de colección | Localización permanente | Ubicación/localización actual | Ubicación en estantería | Fecha de adquisición | Número de inventario | Total de préstamos | Signatura topográfica completa | Código de barras | Fecha visto por última vez | Precio válido a partir de | Tipo de ítem Koha | Nota pública |
|---|---|---|---|---|---|---|---|---|---|---|---|---|---|---|---|---|
| Excluido de préstamo | Monografías: Libros y Folletos | General | General | En catalogación | 22.08.2013 | LF1 | 40359-10 | 25.06.2020 | 25.06.2020 | No se presta | Perteneció a la bibliotecapersonal de Aída Cartagena Portalatín |
